| 000 | 00768nam a2200229Ia 4500 | ||
|---|---|---|---|
| 999 |
_c36584 _d36584 |
||
| 001 | 2503 | ||
| 003 | GE_BSU | ||
| 005 | 20210128114718.0 | ||
| 008 | 181216s2006||||ge |||||||||||||| ||geo|| | ||
| 040 | _cGE_BSU | ||
| 041 | _ageo | ||
| 080 | _a159.922.7 ქ-92 | ||
| 100 | _4ქურხული, ლია | ||
| 245 |
_aბავშვთა აგრესია / _c ლია ქურხული;რედ.ნათელა იმედაძე. |
||
| 264 |
_aთბილისი, _c2006. |
||
| 300 | _a232 გვ. | ||
| 541 | _h6ლ. | ||
| 653 | _aბავშვთა აგრესია | ||
| 653 | _aფსიქოლოგია | ||
| 700 |
_aიმედაძე, ნათელა _eრედაქტორი _92596 |
||
| 942 |
_cBK _2udc |
||